| 000 | 01371cam a2200373 a 4500 | ||
|---|---|---|---|
| 001 | 4519171 | ||
| 003 | ARRUPE | ||
| 005 | 20131001161014.0 | ||
| 008 | 981110s1998 miuab 001 0 eng d | ||
| 020 | _a0802846157 | ||
| 035 | _a(OCoLC)39461122 | ||
| 035 | _a(OCoLC)ocm39461122 | ||
| 035 | _a(NNC)4519171 | ||
| 040 |
_aEMT _cEMT _dOCL _dNNUT |
||
| 043 | _afe----- | ||
| 090 |
_aBV2580 _b.S92 1998 |
||
| 100 | 1 |
_aSwart, Morrell F. _91909 |
|
| 245 | 1 | 4 |
_aThe call of Africa : _bthe Reformed Church in America Mission in the Sub-Sahara, 1948-1998 / _cby Morrell F. Swart |
| 260 |
_aGrand Rapids, Mich. : _bWm. B. Eerdmans, _cc1998 |
||
| 300 |
_axvi, 536 p. : _bill., maps ; _c21 cm |
||
| 490 | 1 |
_aHistorical series of the Reformed Church in America ; _vno. 29 |
|
| 504 | _aIncludes bibliographical references and index | ||
| 610 | 2 | 0 |
_aReformed Church in America _xMissions _zAfrica, Eastern _xHistory. _91910 |
| 650 | 0 |
_aReformed Church _xMissions _zAfrica, Eastern _xHistory. _91911 |
|
| 650 | 0 |
_aMissions _zSudan. _91912 |
|
| 650 | 0 |
_aMissions _zEthiopia. _91913 |
|
| 650 | 0 |
_aMissions _zKenya. _91914 |
|
| 650 | 0 |
_aMissions _zMalawi. _91915 |
|
| 650 | 0 |
_aMissions _zZambia. _91916 |
|
| 651 | 0 |
_aAfrica, Eastern _xChurch history. _91917 |
|
| 830 | 0 |
_aHistorical series of the Reformed Church in America ; _vno. 29. _91918 |
|
| 942 |
_2lcc _cMONOGRAPH |
||
| 999 |
_c118199 _d118199 |
||